Curso de geometría descriptiva (Record no. 89527)

MARC details
000 -LEADER
campo de control de longitud fija 00687nam a2200181 i 4500
001 - NÚMERO DE CONTROL
campo de control 89527
003 - IDENTIFICADOR DE NÚMERO DE CONTROL
campo de control ES-MaACL
005 - FECHA Y HORA DE LA ÚLTIMA TRANSACCIÓN
campo de control 20230906180217.0
007 - CAMPO FIJO DE DESCRIPCIÓN FÍSICA--INFORMACIÓN GENERAL
campo de control de longitud fija t|
008 - DATOS DE LONGITUD FIJA--INFORMACIÓN GENERAL
campo de control de longitud fija 050111s1953 sp ||||1| spa d
100 1# - ENTRADA PRINCIPAL--NOMBRE DE PERSONA
Nombre de persona Lasala Millaruelo, Jesús de.
9 (RLIN) 70409
245 10 - MENCIÓN DEL TÍTULO
Título Curso de geometría descriptiva
Resto del título : sistemas de representación /
Mención de responsabilidad, etc. por Jesús de Lasala Millaruelo y Francisco Marcos de Lanuza.
260 ## - PUBLICACIÓN, DISTRIBUCIÓN, ETC.
Lugar de publicación, distribución, etc. Madrid :
Nombre del editor, distribuidor, etc. Sociedad Anónima Española de Traductores y Autores,
Fecha de publicación, distribución, etc. 1953 (
Fabricante Nuevas Gráficas)
300 ## - DESCRIPCIÓN FÍSICA
Extensión XI, 446 p. :
Otras características físicas il. ;
Dimensiones 25 cm.
650 #4 - PUNTO DE ACCESO ADICIONAL DE MATERIA--TÉRMINO DE MATERIA
Término de materia o nombre geográfico como elemento de entrada Geometría descriptiva.
9 (RLIN) 136182
700 1# - ENTRADA AGREGADA--NOMBRE PERSONAL
Nombre de persona Marcos de Lanuza, Francisco.
9 (RLIN) 76526
852 ## - LOCALIZACIÓN
Ubicación ES-MaACL
Número de control de estantería C-5718
Sublocalización o colección R.35308
Holdings
Estatus retirado Estado de pérdida Estado de daño No para préstamo Biblioteca de origen Biblioteca actual Ubicación en estantería Fecha de adquisición Fuente de adquisición Total de préstamos Signatura topográfica completa Código de barras Visto por última vez Precio de reemplazo Tipo de ítem Koha
        Biblioteca del Ateneo de Madrid Biblioteca del Ateneo de Madrid Sala Palomar 17/01/2008     C-5718 1093499 23/02/2023 23/02/2023 Libro impreso